BIBLIOTHÈQUE DE LA MAISON DU MEXIQUE

Logo 1 Logo 2

Destierro de sombras (notice nᵒ 5828)

détails MARC
000 -Sello discográfico
campo de control de longitud fija 01121nam0a2200301 4500
005 - Identificación de versión
campo de control 20251016084530.0
010 ## - Número Estándar Internacional de Libros (ISBN)
Número (ISBN) 968-837-870-4
035 ## - Otros números de control del sistema
Número de control del sistema 4350
099 ## - fechas locales
Tipo de ítem Koha LIBRO
100 ## - Datos de procesamiento general
Datos de procesamiento general 20120717d2001 m y0spay5003 ba
105 ## - Campo de datos codificados: Material textual, monográfico
Datos codificados de monografía y 001zy
200 1# - Título y mención de responsabilidad
Título propio Destierro de sombras
Designación general del material texto impreso
Otra información del título luz en el origen de la imagen y culto de Nuestra Señora de Guadalupe del Tepeyac
Primer mención de responsabilidad Edmundo O'Gorman
205 ## - Declaración de edición
Declaración de edición 1a reimpr de la 2a ed
210 ## - Publicación, distribución, etc.
Lugar de publicación, distribución, etc. México
Nombre del editor, distribuidor, etc. Universidad Nacional Autónoma de México, Instituto de Investigaciones Históricas
Fecha de publicación, distribución, etc. 2001
215 ## - Descripción física
Designación de material específico y extensión del ítem 306 p
Dimensiones 23 cm
320 ## - Nota de índices/bibliografías internas
Texto de la nota Incluye bibliografía: p.285-304
345 ## - Nota de información de adquisición
Fuente de adquisición/dirección de la suscripción [OBSOLETO] Donación
410 #1 - Series
Título Serie Historia Novohispana
Número de volumen 36
600 ## - Nombre personal usado como materia
Elemento de entrada Guadalupe, Nuestra Señora de
Subdivisión temática Apariciones y milagros
-- Historia
Número Koha 11201
606 ## - Término temático usado como materia
Elemento de entrada Iglesia católica en México
Subdivisión temática Historia
Número Koha 1041
700 ## - Nombre personal - Responsabilidad primaria
Elemento de entrada O'Gorman
Parte del nombre distinta del elemento de entrada Edmundo
Fechas 1906-1995
Número Koha 2079
801 #0 - Fuente de origen
País FR
Agencia cm
Reglas de catalogación (convenciones descriptivas) AFNOR
900 ## -
-- 1/21374
942 ## - ELEMENTOS DE ENTRADA SECUNDARIOS (KOHA)
Tipo de ítem Koha Livre
996 ## -
-- MEX
-- 751145101
-- MMAG
-- 003168
-- 232.91 OG354D
-- 20120717LIV
Exemplaires
Estatus retirado Estado de daño Estado de pérdida Fecha de adquisición Biblioteca de origen Biblioteca actual Ubicación en estantería Código de barras Precio de reemplazo Signatura topográfica completa No para préstamo Tipo de ítem Koha Nota pública Nota no pública
      05/08/2025 Casa México Paris Casa México Paris   003168 05/08/2025 232.91 OG354D   Livre 20120717LIV 751145101